Normal view
MARC view
- Trent, E. M.
Entry Personal Name
001 - CONTROL NUMBER
- control field: 86809
003 - CONTROL NUMBER IDENTIFIER
- control field: NUST
005 - DATE AND TIME OF LATEST TRANSACTION
- control field: 20211217112417.0
008 - FIXED-LENGTH DATA ELEMENTS
- fixed length control field: 211217|| aca||aabn | a|a d
040 ## - CATALOGING SOURCE
- Original cataloging agency: NUST
- Transcribing agency: NUST
100 ## - HEADING--PERSONAL NAME
- Personal name: Trent, E. M.
- Fuller form of name: (Edward Moor)
670 ## - SOURCE DATA FOUND
- Source citation: Work cat.: (NUST)33244: Trent, E. M. (Edward Moor), Metal cutting /, c2000.
